Maldives Subdivisions - Statistics

General Stats
  • This quiz has been taken 8 times
  • The average score is 2 of 20
Answer Stats
Answer % Correct
Male
40%
North ari
40%
south ari
40%
Kolhumadulu
20%
north huvadhu
20%
Addu
0%
Faadhippolhu
0%
Felidhu
0%
Fuvahmulah
0%
Hahdhunmathi
0%
Mulaku
0%
north maalhosmadulu
0%
north miladhunmadulu
0%
north nilandhe
0%
north thiladhunmathi
0%
south huvadhu
0%
south maalhosmadulu
0%
south miladhunmadulu
0%
south nilandhe
0%
south thiladhunmathi
0%
No matching quizzes found
Score Distribution
Percent of People with Each Score
Percentile by Number Answered
Your Score History
You have not taken this quiz